Countries Offering Citizenship by Investment - Statistics

General Stats
  • This quiz has been taken 39 times
  • The average score is 15 of 22
Answer Stats
Investment Country % Correct
U $2.5 million United Kingdom
88%
V $130,000 Vanuatu
79%
I $1.1 million Ireland
76%
A $100,000 Antigua and Barbuda
74%
D $100,000 Dominica
74%
I $274,106 Italy
74%
M $756,533 Malta
74%
U $900,000 United States
74%
S $100,000 Saint Lucia
71%
A $2.2 million Austria
68%
L $548,212 Luxembourg
68%
P $306,999 Portugal
68%
S $150,000 Saint Kitts and Nevis
68%
G $394,713 Germany
65%
G $150,000 Grenada
65%
B $219,285 Belgium
62%
B $560,593 Bulgaria
62%
S $548,212 Spain
62%
T $438,570 Turkey
62%
G $274,106 Greece
59%
M $109,642 Moldova
47%
M $493,391 Montenegro
47%
No matching quizzes found
Score Distribution
Percent of People with Each Score
Percentile by Number Answered
Your Score History
You have not taken this quiz